| 000 | 00947nam a2200193 a 4500 | ||
|---|---|---|---|
| 008 | 161215t2009 ag |||g |||| 00| f spa d | ||
| 020 | _a9500730969 | ||
| 041 | _aspa | ||
| 092 |
_c863 _l3 _sALL |
||
| 100 | 1 |
_aAllende, Isabel _93210 |
|
| 245 | 3 |
_aLa isla bajo el mar / _cIsabel Allende |
|
| 250 | _a1a ed. | ||
| 260 |
_aBuenos Aires: _bSudamericana; _c2009. |
||
| 300 |
_a512 p. _c23x15 cm. |
||
| 500 | _aAllende, I. (2009). La isla bajo el mar. (1a ed.). Buenos Aires : Sudamericana. | ||
| 505 | _aGolpeo el suelo con las plantas de mis pies y la vida me sube por las piernas, me recorre el esqueleto, se apodera de mí, me quita la desazón y me endulza la memoria. El mundo se estremece. El ritmo nace en la isla bajo el mar, sacude la tierra, me atraviesa como un relámpago y se va al cielo llevándose mis pesares. "Baila, baila, Zarité, porque esclavo que baila es libre...mientras baila." | ||
| 655 |
_aNovela _93091 |
||
| 942 |
_2ddc _cLIT |
||
| 999 |
_c3311 _d3311 |
||